Estándares orientadores para egresados de carreras de Pedagogía en Educación Básica: estándares pedagógicos y disciplinarios. Lenguaje y Comunicación. Matemática. Historia, Geografía y Ciencias Sociales. Ciencias Naturales
Tallennettuna:
| Yhteisötekijä: | |
|---|---|
| Aineistotyyppi: | Kirja |
| Kieli: | espanja |
| Julkaistu: |
Santiago
Ministerio de Educación
2012
|
| Painos: | 2a. ed |
| Aiheet: | |
| Tagit: |
Lisää tagi
Ei tageja, Lisää ensimmäinen tagi!
|
MARC
| LEADER | 00000cam a2200000 a 4500 | ||
|---|---|---|---|
| 001 | UCF3663 | ||
| 003 | CL-VaPUC | ||
| 008 | 121025e20120800CL |||||||||||||||||spa|d | ||
| 020 | |a 9789562923514 | ||
| 082 | 0 | 4 | |a 371.2 |b MIN |2 21 |
| 110 | 2 | |a Ministerio de Educación |e author |9 565405 | |
| 245 | 1 | 0 | |a Estándares orientadores para egresados de carreras de Pedagogía en Educación Básica: estándares pedagógicos y disciplinarios. Lenguaje y Comunicación. Matemática. Historia, Geografía y Ciencias Sociales. Ciencias Naturales |
| 250 | |a 2a. ed | ||
| 300 | |a 164 p | ||
| 942 | |c BK | ||
| 945 | |d 20121025 00:00:00 |a dcastane | ||
| 260 | |a Santiago |b Ministerio de Educación |c 2012 | ||
| 650 | 0 | |a Calidad de la educación |9 307271 | |
| 650 | 0 | |a Evaluación de la educación |9 237505 | |
| 650 | 0 | |a Modelos educacionales |9 339132 | |
| 650 | 0 | |a Reforma educacional |9 256319 | |
| 650 | 0 | |a Educación básica |9 224933 | |
| 583 | |a last modification |c 20121025 12:11:00 |k Rodrigo Vera | ||
| 999 | |c 349853 |d 349851 | ||
| 952 | |0 0 |1 0 |4 0 |6 371_200000000000000_MIN_2012 |7 0 |8 A |9 452690 |a BIBEDU |b BIBEDU |d 2019-11-22 |i 4917448 |o 371.2 MIN 2012 |p 4917448 |r 2019-11-22 |w 2019-11-22 |y BK |k EPE | ||
| 952 | |0 0 |1 0 |4 0 |6 371_200000000000000_MIN_2012 |7 0 |8 A |9 452691 |a BIBEDU |b BIBEDU |d 2019-11-22 |i 4917456 |o 371.2 MIN 2012 |p 4917456 |r 2019-11-22 |w 2019-11-22 |y BK |k EPE | ||
| 952 | |0 0 |1 0 |4 0 |6 371_200000000000000_MIN_2012 |7 0 |8 A |9 452692 |a BIBEDU |b BIBEDU |d 2019-11-22 |i 4917464 |o 371.2 MIN 2012 |p 4917464 |r 2019-11-22 |w 2019-11-22 |y BK |k EPE | ||
| 952 | |0 0 |1 0 |4 0 |6 371_200000000000000_MIN_2012 |7 0 |8 A |9 452693 |a BIBEDU |b BIBEDU |d 2019-11-22 |i 4917472 |o 371.2 MIN 2012 |p 4917472 |r 2019-11-22 |w 2019-11-22 |y BK |k EPE | ||
| 952 | |0 0 |1 0 |4 0 |6 371_200000000000000_MIN_2012 |7 0 |8 A |9 452694 |a BIBEDU |b BIBEDU |d 2019-11-22 |i 4917480 |o 371.2 MIN 2012 |p 4917480 |r 2019-11-22 |w 2019-11-22 |y BK |k EPE | ||
| 952 | |0 0 |1 0 |4 0 |6 371_200000000000000_MIN_2012 |7 0 |8 A |9 452695 |a BIBEDU |b BIBEDU |d 2019-11-22 |i 4921410 |o 371.2 MIN 2012 |p 4921410 |r 2019-11-22 |w 2019-11-22 |y BK |k BME | ||
| 952 | |0 0 |1 0 |3 erb |4 0 |6 371_200000000000000_MIN_2012 |7 0 |8 A |9 452696 |a BIBMAT |b BIBMAT |c E_DIDACT |i 5033225 |o 371.2 MIN 2012 |p 5033225 |r 2025-01-07 |w 2019-11-22 |y BK |z Catalogado en:20131213 |k MAT | ||